Entry Nombre personal
001 - NÚMERO DE CONTROL
- campo de control: 131485
003 - IDENTIFICADOR DE NÚMERO DE CONTROL
- campo de control: SpMaBN
005 - FECHA Y HORA DE LA ÚLTIMA TRANSACCIÓN
- campo de control: 20250830065638.0
008 - ELEMENTOS DE DATO DE LONGITUD-FIJA
- campo de control de longitud fija: 880110n| aijnnaabn n aaa
016 ## - NÚMERO DE CONTROL DE UNA AGENCIA BIBLIOGRÁFICA NACIONAL
- Número de control del registro: BNE19941313952
024 7# - IDENTIFICADOR DE OTROS ESTÁNDARES
- Número estándar o código: http://viaf.org/viaf/72326673/
- Fuente: viaf
024 8# - IDENTIFICADOR DE OTROS ESTÁNDARES
- Número estándar o código: https://data.cervantesvirtual.com/person/64754
024 8# - IDENTIFICADOR DE OTROS ESTÁNDARES
- Número estándar o código: https://data.cervantesvirtual.com/person/158
024 7# - IDENTIFICADOR DE OTROS ESTÁNDARES
- Número estándar o código: https://isni.org/isni/0000000110293386
- Fuente: isni
024 7# - IDENTIFICADOR DE OTROS ESTÁNDARES
- Número estándar o código: http://www.wikidata.org/entity/Q5791855
- Fuente: wikidata
040 ## - FUENTE DE CATALOGACIÓN
- Centro catalogador/agencia de origen: SpMaBN
- Lengua de catalogación: spa
- Centro/agencia transcriptor: SpMaBN
- Normas de descripción: rdc
- Convención/Normas de encabezamiento de materia/tesauro: embne
046 ## - FECHAS CON CODIFICACIÓN ESPECIAL
- Fecha de nacimiento: 1556
- Fecha de la muerte: 1620
100 1# - ENCABEZAMIENTO-NOMBRE DE PERSONA
- Nombre de persona: Pérez de Herrera, Cristóbal,
- Fechas asociadas al nombre: ca. 1556-1620
370 ## - LUGAR ASOCIADO
- Lugar de nacimiento: Salamanca, España
- Fuente de información: (Wikidata)
- Número de control del registro de autoridad o número normalizado: XX451436
374 ## - OCUPACIÓN
- Ocupación: Escritores
- Ocupación: Militares
- Ocupación: Poetas
- Ocupación: Médicos
- Ocupación: Politicos
- Fuente de información: Wikidata
375 ## - GÉNERO/SEXO
- Género: Masculino
377 ## - IDIOMA ASOCIADO
- Término de lengua/lenguaje: Español
670 ## - FUENTE DE DATOS ENCONTRADOS
- Cita de la fuente: Vida y obra del Dr. Cristóbal Pérez de Herrera, 1959
670 ## - FUENTE DE DATOS ENCONTRADOS
- Cita de la fuente: Dicc. de lit. esp. e hispanoam., 1993
- Información encontrada: (Pérez de Herrera, Cristóbal; n. h. 1556, Salamanca, m. 1620, Madrid; médico y poeta)
